|
|
|
|
| LEADER |
00000naa2a2200000 4500 |
| 001 |
74847 |
| 005 |
20231031085958.0 |
| 035 |
|
|
|a (RuTPU)RU\TPU\book\79824
|
| 090 |
|
|
|a 74847
|
| 100 |
|
|
|a 20050314d2000 k y0rusy50 ca
|
| 101 |
0 |
|
|a rus
|
| 102 |
|
|
|a RU
|
| 200 |
1 |
|
|a Топливо-и энергосберегающие технологии теплоснабжения: региональный аспект
|f Ю. С. Семёнов
|
| 463 |
|
1 |
|0 (RuTPU)RU\TPU\book\22238
|y 5-7692-0296-3
|t Проблемы региональной экологии
|o Сборник научных статей
|f РАН СО, Ин-т экологии природных комплексов
|h Вып. 6
|i Материалы I региональной научно-практической конференции молодежи "Проблемы региональной экологии" Томск, 10-12 ноября 1998 года
|v С. 51-52.
|d 2000
|p 154 с.
|
| 610 |
1 |
|
|a энергосберегающие технологии
|
| 610 |
1 |
|
|a теплоснабжение
|
| 610 |
1 |
|
|a топливосберегающие технологии
|
| 610 |
1 |
|
|a регионы
|
| 610 |
1 |
|
|a динамическое отопление
|
| 610 |
1 |
|
|a системы отопления
|
| 610 |
1 |
|
|a нетрадиционные системы
|
| 610 |
1 |
|
|a теплонасосные установки
|
| 610 |
1 |
|
|a труды учёных ТПУ
|
| 700 |
|
1 |
|a Семёнов
|b Ю. С.
|
| 801 |
|
1 |
|a RU
|b 63413507
|c 20050314
|g PSBO
|
| 801 |
|
2 |
|a RU
|b 63413507
|c 20151119
|g RCR
|
| 942 |
|
|
|c BK
|